000 01074nam a22003377a 4500
003 CHAP
005 20220817040811.0
008 971013s1986 r 00010 d
010 _a531
011 _a1503
035 _a679
040 _cCHAP
082 _a972
_bH47
100 0 0 _aHernández Esteves, María Luisa.
_953988
245 _aHistoria de México en el contexto mundial
260 _aMéxico, D. F. :
_bQuinto Sol,
_c1986
300 _a283 p.
500 _a37-2
590 _aBATCH-UPD
_b10
_c20130110
_lUCH01
_h1849
590 _aBATCH-UPD
_b10
_c20130410
_lUCH01
_h1219
590 _aBATCH-UPD
_b10
_c20130914
_lUCH01
_h0843
590 _aCONVERSION
_b10
_c20130109
_lUCH01
_h1302
650 1 4 _aCapitalismo.
_918711
650 1 4 _aMéxico
_xHistoria.
700 0 _aSaldívar, Américo.
_9101553
700 0 _aTorres Vera, María Trinidad.
_9114263
901 _aBK
942 _cLIBRO
949 _a972 H47
_bBC
_cLIBRO
_d33724000281994
_eLIBRO
_fc.2
_gI. c/e
_h77292
_i679
_si
_t12.40
949 _a972 H47
_bBC
_cLIBRO
_d33724000282000
_eLIBRO
_gI. c/e
_h77291
_i679
_si
_t12.40
999 _c531
_d531